| 000 | 01028nam a22003257a 4500 | ||
|---|---|---|---|
| 003 | CHAP | ||
| 005 | 20220329135110.0 | ||
| 008 | 971013s1975 r 00010 d | ||
| 010 | _a30905 | ||
| 011 | _a31877 | ||
| 035 | _a35989 | ||
| 040 | _cCHAP | ||
| 090 | _aFolleto 2683y | ||
| 100 | 0 | 0 |
_aCotteral, Joseph A., Jr. _928584 |
| 245 | 1 | _aSistemas de tanques sépticos | |
| 260 |
_aMéxico : _bCentro Regional de Ayuda Técnica, _c1975 |
||
| 300 |
_a30 p. _b; gráfs. |
||
| 500 | _a22 c. en bodega | ||
| 590 |
_aBATCH-UPD _b10 _c20130110 _lUCH01 _h2118 |
||
| 590 |
_aBATCH-UPD _b10 _c20130410 _lUCH01 _h1428 |
||
| 590 |
_aBATCH-UPD _b10 _c20130914 _lUCH01 _h1054 |
||
| 590 |
_aCONVERSION _b10 _c20130109 _lUCH01 _h1318 |
||
| 650 | 1 | 4 |
_aFosas sépticas. _942662 |
| 700 | 0 |
_aNorris, Dan P. _981774 |
|
| 901 | _aBK | ||
| 942 | _cFOLL | ||
| 949 |
_aFolleto 2683y _bBC _cFOLL _d-83050 _eTS1 _i35989 _si |
||
| 949 |
_aFolleto 2683y _bBC _cFOLL _d-83051 _eTS2 _fc.2 _i35989 _si |
||
| 949 |
_aFolleto 2683y _bBC _cFOLL _d-83053 _eTS2 _fc.3 _i35989 _si |
||
| 999 |
_c30905 _d30905 |
||